[Event "IV Open RGCC 2018"]
[Site "Gijon"]
[Date "2018.07.25"]
[Round "4"]
[White "Martinez Duany, Lelys Stanley"]
[Black "Kaganskiy, Gleb"]
[Result "1/2-1/2"]
[WhiteElo "2528"]
[BlackElo "2278"]
[Annotator "TA"]
[PlyCount "198"]
[EventDate "2018.07.24"]
[EventType "swiss"]
[EventCountry "ESP"]
[SourceTitle "playchess.com"]
[Source "ChessBase"]
[SourceQuality "1"]

{[%evp 21,198,-21,-22,-54,-39,-35,-31,-42,-28,-67,-33,-37,-25,-27,-9,-25,0,-12,-6,-37,0,0,52,-20,4,-85,-85,-103,-95,-100,-35,-158,-56,-110,-37,-37,-37,-37,-37,-44,-34,-37,-37,-51,-51,-53,0,-50,0,-71,-64,-71,-63,-67,-64,-73,-65,-78,-52,-52,-52,-58,-55,-54,-54,-59,-11,-31,0,0,0,0,0,-7,0,-12,0,-33,0,0,0,-6,-6,-6,-7,-814,-814,-783,-186,-186,-186,-186,-186,-186,-186,-186,-160,-186,-113,-113,-106,-113,-106,-113,-88,-88,-88,-88,-88,-88,0,-88,-88,-88,-88,-88,-88,-88,-88,-88,-88,-88,-88,-88,-88,-88,0,-88,0,-68,-68,-68,-68,-68,-68,-68,-68,-68,-68,-68,-68,-68,-68,-68,-68,-68,-68,-68,-68,-68,-68,-68,-68,-68,-68,-68,-68,-68,-68,-27,0,-68,-68,-68,-68,-68,-68,-68,-68,-68,-68,-68,-68,-68,-68,-68,-68,-83,0]} 1. Nf3 d5 2. c4 e6 3. g3 Nf6 4. Bg2 Be7 5. O-O O-O 6. b3 d4 7. e3 c5 8. exd4 cxd4 9. Re1 Nc6 10. d3 Nd7 11. a3 {A14: Reti-Eröffnung} (11. Ba3 Re8 12. Bxe7 Rxe7 13. a3 a5 14. Nbd2 Nc5 15. Ne4 Nxe4 16. Rxe4 e5 17. Re1 Bg4 18. h3 Bh5 {½-½ (36) Aronian,L (2799)-Nakamura,H (2792) Saint Louis 2017}) 11... a5 $1 {LiveBook: 5 Partien} 12. Ra2 Nc5 13. Ne5 $146 {Schwarz steht etwas besser.} ({Vorgänger:} 13. Rb2 Bd7 {1-0 (44) Krasenkova,I (2132)-Berg,S (2005) Aarhus 2012}) 13... Nxe5 14. Rxe5 Bd7 15. Rb2 Bc6 16. b4 axb4 17. axb4 Na4 18. Rb3 Bf6 19. Re1 Bxg2 20. Kxg2 b5 21. Qf3 Nb6 (21... Qc7 $11) 22. Nd2 (22. Na3 $1 $14) 22... Ra1 23. c5 (23. Qc6 $11) 23... Nd5 $17 24. Ne4 Be7 25. Bd2 Ra2 (25... Rxe1 $17 26. Bxe1 Qd7) 26. Bc1 (26. Bf4 $1 $15) 26... Ra4 (26... f5 $17 27. Nd2 Bg5) 27. Re2 (27. Bf4 $15) 27... Rxb4 ({Lieber} 27... f5 $17 28. Nd2 Qd7) 28. Rxb4 $15 Nxb4 29. Rb2 Nd5 30. Rxb5 Qd7 31. Ra5 Qc7 32. Ra6 Qc8 ({Und nicht} 32... Bxc5 33. Nxc5 Qxc5 34. Ba3 $16) 33. Ra5 Qc7 (33... f5 $5 {[%cal Rf5e4]} 34. Nd2 Bxc5 $17) 34. Ra6 Qc8 ({Bitte nicht} 34... Bxc5 $6 35. Nxc5 Qxc5 36. Ba3 $16) (34... f5 $5 {[%cal Rc7c8]} 35. Ng5 Bxg5 36. Bxg5 Re8 $15) 35. Ra4 (35. Ra5 $11 {hält das Gleichgewicht.}) 35... f5 $17 36. Nd2 $1 Qxc5 37. Nc4 Qc6 38. Ra7 Bf6 39. h4 Ra8 40. Rxa8+ Qxa8 41. Kh2 Qa2 42. Bb2 Qa6 43. Ba3 g6 44. Qe2 Qc6 (44... Nc3 $5 {[%cal Rc3e2]} 45. Qb2 Qb5 $17) 45. Bd6 Qd7 46. Qb2 Qc8 47. Qb5 Bg7 48. Bc5 Nf6 49. f3 Qa8 {Weiss sollte ...h6 verhindern.} 50. Qb6 Qa2+ 51. Kh3 {[#] Droht Matt per Dd8+.} h5 52. Bxd4 Ng4 $40 {[%csl Gg4][%cal Ra2h2][%mdl 128] Schwarz hat was vor.} 53. Bg1 $2 {[%mdl 8192]} (53. Qxe6+ $11 Kh7 54. Bg1) 53... Qe2 $1 $19 {[%csl LRd3,LRf3][%cal Re2f1]} 54. Ne3 Qxf3 $2 (54... Ne5 55. Qb8+ Kh7) 55. Qxe6+ Kh7 {[#] ( -> ...Dh1+)} 56. Qd5 Qe2 57. Qg2 Qxd3 58. Nxg4 hxg4+ 59. Kh2 Qe4 (59... Be5 $19 60. Bf2 Kh6) 60. Qd2 $17 Qe7 (60... Be5 {is more complex.} 61. Be3 Qb7 62. Bf2 Qc7 63. Kg2 Qc6+) 61. Be3 Be5 62. Bf4 Bxf4 63. Qxf4 {[%mdl 4096] Endspiel KD-KD} Qe2+ 64. Kg1 Qe1+ 65. Kg2 Qe2+ 66. Kg1 Qc2 67. Qd6 Qb1+ 68. Kf2 Qa2+ 69. Kg1 Qa7+ 70. Kf1 Qg7 71. Kg2 Qb7+ 72. Kg1 Qf7 73. Kf2 Qg7 (73... Kg7 $17) 74. Kf1 (74. Kg2 $1 $11) 74... g5 (74... Qa7 $17) 75. hxg5 (75. Qe6 $1 $11) 75... Qxg5 $15 76. Kf2 Qg7 77. Kf1 Qf7 78. Kf2 Kg7 79. Qd4+ Kg6 80. Qd6+ Qf6 81. Qb8 Qd4+ 82. Kf1 Qd3+ 83. Kf2 Qc2+ 84. Kf1 Qc1+ 85. Kf2 Qc5+ 86. Ke2 Kf6 87. Qh8+ Ke6 88. Qg8+ Ke5 89. Qe8+ Kd5 {...Dc2+ ist eine echte Drohung.} 90. Qd7+ Ke5 {Weiss muss nun ...Dc4+ beachten.} 91. Qe8+ $1 Kd4 $1 {Und ...Dc2+ würde nun gewinnen.} 92. Qd7+ Qd5 93. Qa7+ Ke5 $1 {Und weiter mit ...Dc4+ wäre nett.} 94. Qe7+ Qe6 95. Qc5+ Ke4 {Droht ...Da2+ und aus.} 96. Qb4+ Kd5+ 97. Kf2 Qd6 98. Qb7+ Ke5 99. Qg7+ Ke6 {Precision: Weiß = 53%, Schwarz = 58%.} (99... Qf6 $17 100. Qa7 Qc6 101. Qg7+ Kd5 102. Qf7+ Qe6) 1/2-1/2

[Event "IV Open RGCC 2018"]
[Site "Gijon"]
[Date "2018.07.25"]
[Round "4"]
[White "Reinaldo Castineira, Roi"]
[Black "Ardelean, George Catalin"]
[Result "1/2-1/2"]
[WhiteElo "2503"]
[BlackElo "2475"]
[Annotator "TA"]
[PlyCount "262"]
[EventDate "2018.07.24"]
[EventType "swiss"]
[EventCountry "ESP"]
[SourceTitle "playchess.com"]
[Source "ChessBase"]
[SourceQuality "1"]

{[%evp 24,262,58,52,56,38,37,26,27,31,36,15,25,8,32,11,22,11,27,27,30,30,34,0,34,0,29,27,27,30,27,2,6,0,0,-45,-6,-6,-10,-61,-70,-89,0,0,0,4,2,2,2,2,2,-8,116,118,113,33,33,33,33,33,33,33,33,33,33,33,33,33,33,33,64,33,57,33,42,20,21,21,59,41,345,28,59,59,1664,1561,2252,2038,29961,29962,5420,5393,29978,29979,29978,6119,2214,1633,29941,29945,12666,12830,12104,12822,10204,7944,7696,1615,2975,132,132,132,132,132,132,132,132,132,132,132,132,132,132,128,128,128,128,128,128,128,29969,128,128,128,128,128,128,128,128,128,128,128,128,128,128,0,128,128,128,128,29976,128,128,0,128,128,128,0,128,128,128,128,128,129,129,128,128,128,128,128,128,128,130,8,8,0,0,0,8,8,8,0,0,0,8,8,8,8,8,8,8,8,8,8,8,8,8,0,8,8,8,8,8,8,8,8,8,8,8,0,8,0,8,8,8,8,8,8,8,8,8,8,8,8,8,8,8,8,8,8,8,8,8,8,8,8,8,0,0,0,0]} 1. e4 c5 2. Nf3 e6 3. d4 cxd4 4. Nxd4 a6 5. c4 Nf6 6. Nc3 Qc7 7. Be2 b6 8. Be3 Bb7 9. f3 Be7 10. O-O O-O 11. Qd2 d6 12. Rfc1 {B41: Sicilian: Kan Variation: 5 c4} Rc8 (12... Nbd7 13. b4 Rac8 14. Nb3 Qb8 15. Bf1 Rfe8 16. Qf2 Bd8 17. Na4 Ba8 18. c5 b5 19. Nc3 Bc7 20. g3 dxc5 21. Nxc5 Nxc5 22. bxc5 {1-0 (45) Nepomniachtchi,I (2729)-Ponkratov,P (2613) Riadh 2017}) 13. Bf1 {LiveBook: 4 Games} Nbd7 14. b4 {White is slightly better.} Qd8 15. Rab1 Ne5 16. Na4 Rab8 17. Nb3 $146 ({Predecessor:} 17. Qf2 Nfd7 18. a3 Bh4 19. Qd2 Bf6 {1-0 (50) Albornoz Cabrera,C (2471)-Zavarce,O (2389) Varadero 2016}) 17... Nfd7 18. Nb2 Ra8 19. a3 h6 20. h3 g5 21. Qf2 Bc6 22. Nd4 Bb7 23. Nb3 Bc6 24. Nd4 Bb7 25. Na4 Rab8 26. Nb3 {[%cal Ra4b6]} Ba8 27. c5 dxc5 28. bxc5 (28. Bxa6 Bb7 $15) 28... bxc5 29. Bxa6 {[%cal Rb3c5]} c4 30. Bxc8 Nd3 31. Qf1 (31. Qd2 $11 Nxc1 32. Rxc1 Rxc8 33. Na5) 31... Nxc1 $15 32. Bxd7 Qxd7 (32... Nxb3 $17 33. Rd1 (33. Bxe6 $2 fxe6 34. Qxc4 Kf7 $19) 33... Qc7) 33. Nbc5 Rxb1 34. Nxd7 Ne2+ $1 35. Kf2 Rxf1+ 36. Kxf1 Nf4 37. Nab6 Bxa3 (37... Bb7 $11) 38. Nxa8 $16 c3 39. Nab6 (39. g3 $16 Nd3 40. Ke2) 39... c2 $14 40. Nc4 c1=Q+ 41. Bxc1 Bxc1 {[%mdl 4096] Endgame KBN-KNN} 42. g3 Nd3 $1 43. Ke2 Nb2 $1 {[%cal Rb2c4]} 44. Ncb6 f5 $1 45. Nc5 f4 $1 {[%cal Rf4g3]} 46. gxf4 ({Of course not} 46. Nxe6 fxg3 47. Kf1 Nd3 $15) 46... Bxf4 47. Nxe6 Be5 48. Nc5 (48. Nd7 {looks sharper.} Bh2 49. f4 gxf4 50. Nd4 Nc4 51. e5) 48... Kf7 49. Nd3 (49. Nb7 {is interesting.} Ke8 50. Nd5 Kd7 51. Na5 Bb8 52. Nb3) 49... Nxd3 50. Kxd3 $11 {KB-KN} Kg6 51. Nc4 Bf4 $2 {[%mdl 8192]} (51... Ba1 $14) 52. Ne3 $2 (52. Kd4 $18) 52... h5 53. Kd4 Bh2 $2 {[%mdl 8192]} (53... Kf7 $14) 54. e5 $18 {[%cal Be4e5,Be5e6,Be6e7][%mdl 32]} Bg1 55. Ke4 Bh2 56. Nd5 Bg3 57. e6 Be1 58. Ke5 Bg3+ 59. Kd4 (59. f4 $142 gxf4 60. Ne7+ Kg5 61. Nf5 Kg6 62. e7 Kf7 63. Kd6 h4 64. Kd7) 59... Bd6 60. Ke4 Bg3 61. e7 $1 Kf7 62. Kf5 Bh4 63. Nf6 $1 Kxe7 64. Nxh5 Kf7 65. Nf6 (65. Kg4 $142 Be1 66. Kxg5) 65... Kg7 66. Ne4 $2 (66. Ng4 $1 $18 {is the precise move to win.} Kh7 67. Ne5) 66... Kh6 $16 67. Kg4 Be1 68. Nxg5 Kg6 69. f4 {Black must now prevent Ne4.} Bb4 70. Ne4 {Hoping for f5+.} Ba3 71. Ng3 Bb4 72. Nh5 Bc3 73. f5+ Kh6 74. Ng3 Be5 75. Ne4 Bb2 76. h4 Bd4 $2 {[%mdl 8192] [#]} (76... Bc1 $16 77. Nf6 Bb2) 77. Ng5 $2 (77. f6 $1 Ba1 78. Kf5 Kh5 79. f7 Bg7 80. Ng5 Bf8 81. Nf3 Bb4 82. Ke6) 77... Bf6 78. Nf3 Bb2 79. Nd2 Bc1 80. Nc4 Kg7 81. Nd6 Ba3 82. Ne4 Be7 83. Ng5 Kh6 84. Ne4 Kg7 85. Nc3 {Nd5 is the strong threat.} Kh6 86. Nd5 Bd6 $2 {[%mdl 8192]} (86... Bc5 $16 87. Kg3 Ba3) 87. Nf4 $2 (87. f6 {mates} Ba3 88. Kf5 Bf8 89. Ne7 Kh5 90. Ke5 Kg4 91. Ke6 Bh6 92. Nf5) 87... Be5 88. Nd5 (88. Kg3 $16) 88... Bb2 (88... Bd6 $11 89. f6 Be5) 89. Ne3 Bd4 90. Nd5 Bb2 $1 91. Nc7 Be5 92. Ne6 Bc3 93. Nc5 Bd4 94. Ne4 Bb2 95. h5 {Threatens to win with f6.} Bd4 96. Nd6 Kg7 97. Ne8+ Kh6 {[#]} 98. f6 (98. Nc7 $1 $16) 98... Bc3 $11 {The position is equal.} 99. Kh4 Be1+ 100. Kg4 Bc3 101. f7 Bb4 102. Kh4 Be7+ 103. Kg4 Bf8 104. Kf5 Kxh5 105. Kf6 Kh6 106. Nc7 Ba3 107. Nd5 Bf8 108. Ne7 Bg7+ 109. Kf5 $1 Bf8 110. Kf6 Bg7+ 111. Ke6 {White wants to mate with Nf5+.} Kg5 112. Nc6 Kg6 113. Ne5+ Kg5 114. Nf3+ Kg4 115. Nd4 Kg5 116. Nc6 Bf8 117. Ne7 Bg7 118. Ng8 Kg6 119. Ke7 Kf5 120. Kd7 Bf8 121. Ke8 Bg7 122. Ne7+ Kg5 123. Nc6 Kf6 124. Nd4 Bh6 125. Ne2 Ke6 126. Nf4+ Kf6 127. Nh3 Ke6 128. Nf2 Bg7 129. Ng4 Kf5 130. Nf6 Kxf6 131. f8=R+ Bxf8 {Precision: White = 49%, Black = 51%.} 1/2-1/2

[Event "IV Open RGCC 2018"]
[Site "Gijon"]
[Date "2018.07.25"]
[Round "4"]
[White "Cori Quispe, Kevin Joel"]
[Black "Murshed, Niaz"]
[Result "1/2-1/2"]
[WhiteElo "2487"]
[BlackElo "2403"]
[Annotator "TA"]
[PlyCount "100"]
[EventDate "2018.07.24"]
[EventType "swiss"]
[EventCountry "ESP"]
[SourceTitle "playchess.com"]
[Source "ChessBase"]
[SourceQuality "1"]

{[%evp 15,100,0,0,0,0,0,44,0,0,0,30,11,41,31,57,0,0,7,16,10,25,1,19,-31,28,33,39,27,26,18,30,-10,0,0,0,-62,16,-35,-12,-8,-26,-43,35,-125,-145,-125,-107,-122,-122,-138,-127,-147,-138,-529,-217,-229,-207,-379,-140,-83,0,0,0,0,0,0,-7,-104,0,0,0,0,0,0,4,8,1,0,0,0,0,0,0,0,0,0,0]} 1. e4 c5 2. Nf3 e6 3. d4 cxd4 4. Nxd4 a6 5. Bd3 Nc6 6. Nxc6 dxc6 7. O-O e5 8. f4 Nf6 {LiveBook: 10 Partien. B42: Sizilianisch (Paulsen-Variante)} 9. Qe1 (9. Kh1 Ng4 10. Qe1 Bc5 11. Nc3 Qd4 12. Nd1 Be6 13. f5 Bc4 14. Rf3 O-O-O 15. Bd2 Bxd3 16. cxd3 {½-½ (29) Mchedlishvili,M (2601)-Quparadze,G (2498) Tbilisi 2017}) 9... Bc5+ 10. Kh1 h5 11. Nc3 h4 {Droht stark ...Sh5.} 12. f5 Nh5 {Und weiter mit ...Sg3+! wäre nett.} 13. Ne2 $1 (13. Be3 Ng3+ 14. Kg1 (14. hxg3 hxg3+ 15. Kg1 Rh1+ 16. Kxh1 Qh4+ 17. Kg1 Qh2#) 14... Bxe3+ 15. Qxe3 Nxf1 $17) 13... b5 $146 ({Vorgänger:} 13... Bd7 14. Rf3 Qe7 15. Be3 Bxe3 16. Rxe3 {0-1 (91) Coleman,D (2295)-Jackson,O (2345) Eastbourne 1991}) 14. Rf3 (14. a4 {is more complex.} Bb7 15. Ng1 Kf8 16. Nh3 Nf6 17. Qe2) 14... Qe7 15. Be3 (15. a4 {looks sharper.} b4 16. a5 Bd6 17. Bd2 Kf8 18. Bc4) 15... Bxe3 16. Rxe3 g5 17. a4 {Droht axb5.} Bb7 18. b4 Kf8 19. Qc3 Nf6 (19... Rd8 $15) 20. Nc1 $11 h3 21. g3 (21. Rxh3 Rxh3 22. gxh3 c5 $15) 21... a5 22. bxa5 b4 23. Qc4 Kg7 24. Nb3 $1 Nd7 25. f6+ (25. c3 $11 c5 26. cxb4 cxb4 27. Qc7) 25... Kxf6 (25... Nxf6 $15 26. Qc5 Qxc5 27. Nxc5 Bc8) 26. Be2 (26. c3 $11 bxc3 27. Rf1+ (27. Qxc3 Kg7 $16) 27... Kg7 28. Qxc3) 26... Kg7 $15 27. Bg4 Nf6 28. Bf5 Bc8 (28... g4 $15) 29. Rae1 $2 (29. Bxc8 $14 Rhxc8 30. Rf3) 29... Bxf5 $17 30. exf5 {[#]} c5 $1 {[%mdl 512]} 31. Kg1 (31. Nxc5 Rhc8) 31... Qb7 {[%csl Gh3][%cal Rb7g2]} 32. R3e2 {[#]} Rhc8 $1 33. Rd2 Qf3 34. Rxe5 $2 {[%mdl 8192]} (34. Nxc5 $2 Qc3 $19) (34. Rde2 $17 {leistet mehr Widerstand.}) 34... Rd8 (34... Re8 $142 35. Rxe8 (35. Qxc5 $2 Nd7 $19) 35... Rxe8) 35. Qe2 Qxe2 36. Rdxe2 $2 {[#]} (36. Rexe2 Rxd2 37. Nxd2) 36... c4 $2 (36... Ng4 $1 $19 {[%cal Rg4e5] und Schwarz behält klar die Oberhand.} 37. R5e4 Rd1+ 38. Re1 Rad8 39. f6+ (39. Nxc5 $2 R8d2 $19) 39... Nxf6) 37. Nd2 c3 ({Lieber} 37... Rac8 $17 {Droht ...Sg4 und aus.} 38. Re7 Nd5) 38. Nb3 $1 $36 {[%mdl 2048] Weiss hat Druck.} Rd1+ 39. Re1 Ng4 40. Rxd1 Nxe5 {[%mdl 4096] Endspiel KTS-KTS} 41. Kf2 (41. g4 $1 $11 {hält das Gleichgewicht.}) 41... Kf6 (41... Ng4+ $17 42. Kg1 Ne3) 42. Rd4 {g4 ist eine echte Drohung.Die Stellung ist ausgeglichen.} Kxf5 43. Rxb4 Ng4+ 44. Kg1 Re8 {[%cal Re8e1]} 45. Nd4+ Kg6 $1 {[%cal Re8e1]} 46. Rb1 Re4 47. Rd1 Ne3 48. Rd3 Ng4 {[%cal Re4e1]} 49. Rd1 $1 Ne3 50. Rd3 Ng4 {Precision: Weiß = 46%, Schwarz = 44%.} 1/2-1/2

[Event "IV Open RGCC 2018"]
[Site "Gijon"]
[Date "2018.07.25"]
[Round "4"]
[White "Valenzuela Gomez, Fernando"]
[Black "Martinez Alcantara, Jose Eduardo"]
[Result "1/2-1/2"]
[WhiteElo "2389"]
[BlackElo "2545"]
[Annotator "ChessBase"]
[PlyCount "45"]
[EventDate "2018.07.24"]
[EventType "swiss"]
[EventCountry "ESP"]
[SourceTitle "playchess.com"]
[Source "ChessBase"]
[SourceQuality "1"]
[TimeControl "5400+30"]

1. d4 {[%emt 0:00:00]} Nf6 {[%emt 0:00:00]} 2. c4 {[%emt 0:00:09]} e6 {[%emt 0:00:00]} 3. Nc3 {[%emt 0:00:06]} Bb4 {[%emt 0:00:00]} 4. Qc2 {[%emt 0:00:16]} O-O {[%emt 0:00:00]} 5. e4 {[%emt 0:00:08]} d5 {[%emt 0:00:54]} 6. e5 {[%emt 0:00:46]} Ne4 {[%emt 0:00:24]} 7. Bd3 {[%emt 0:00:41]} c5 {[%emt 0:01:35]} 8. Nf3 {[%emt 0:00:38]} cxd4 {[%emt 0:02:17]} 9. Nxd4 {[%emt 0:00:29]} Nd7 {[%emt 0:01:38]} 10. Bf4 {[%emt 0:01:26]} Ndc5 {[%emt 0:01:27]} 11. O-O {[%emt 0:01:37]} Bxc3 {[%emt 0:02:01]} 12. bxc3 {[%emt 0:00:21]} Bd7 {[%emt 0:00:36]} 13. Rfc1 {[%emt 0:10:22]} Rc8 {[%emt 0:04:41]} 14. cxd5 {[%emt 0:12:52]} exd5 {[%emt 0:00:17]} 15. f3 {[%emt 0:00:57]} Nxd3 {[%emt 0:02:00]} 16. Qxd3 {[%emt 0:00:09]} Nc5 {[%emt 0:00:23]} 17. Qd2 {[%emt 0:00:14]} Re8 {[%emt 0:02:48]} 18. Re1 {[%emt 0:04:53]} Qb6 {[%emt 0:00:52]} 19. Kh1 {[%emt 0:03:13]} Qg6 {[%emt 0:01:51]} 20. Re3 {[%emt 0:03:51]} Ne6 {[%emt 0:01:55]} 21. Nxe6 {[%emt 0:02:49]} fxe6 {[%emt 0:00:16]} 22. Rd3 {[%emt 0:01:15]} Rc4 {[%emt 0:02:43]} 23. Be3 {[%emt 0:00:57]} 1/2-1/2

[Event "IV Open RGCC 2018"]
[Site "Gijon"]
[Date "2018.07.25"]
[Round "4"]
[White "Sanchez Vigon, David"]
[Black "Manolache, Marius"]
[Result "0-1"]
[WhiteElo "2220"]
[BlackElo "2494"]
[Annotator "TA"]
[PlyCount "88"]
[EventDate "2018.07.24"]
[EventType "swiss"]
[EventCountry "ESP"]
[SourceTitle "playchess.com"]
[Source "ChessBase"]
[SourceQuality "1"]

{[%evp 9,88,33,55,26,26,0,12,-8,-15,-18,-16,-8,0,-15,-5,-27,-21,-36,-26,-52,-47,-40,-39,-43,-27,-56,-25,-22,-25,-43,-30,-51,-15,-32,-29,-23,-22,-42,-29,-22,-29,-94,-98,-58,-23,-23,-19,-20,0,-304,-303,-258,-258,-324,-324,-290,-291,-372,-292,-370,-208,-501,-494,-516,-510,-703,-701,-693,-700,-696,-686,-741,-601,-2166,-1701,-29989,-29990,-29990,-29991,-29996,-29995]} 1. e4 d6 2. Nc3 g6 3. f4 Bg7 4. Nf3 Nc6 5. Bb5 e6 $146 ({Vorgänger:} 5... Nf6 6. O-O O-O 7. Bxc6 bxc6 8. d3 c5 9. Qe1 e6 10. Rb1 a5 11. Bd2 a4 12. Kh1 Bd7 {0-1 (34) Exposito Amaro,J (2288)-Movsziszian,K (2507) Barcelona 2017}) 6. Bxc6+ {B07: Pirc-Ufimzew-Verteidigung} bxc6 7. O-O c5 8. d3 {Die Stellung ist ausgeglichen.} Ne7 9. Be3 O-O 10. Qd2 Rb8 11. Rab1 Nc6 12. Ne2 f5 ({Lieber nicht} 12... Bxb2 13. c3 $16) (12... Rxb2 $6 13. Rxb2 Bxb2 14. c3 $11) 13. e5 Bb7 14. d4 cxd4 15. Nexd4 Nxd4 16. Qxd4 Qd7 17. Qd2 Be4 18. b3 Qc6 19. Bd4 Rfd8 20. Qe3 Bh6 (20... Bxc2 21. Rbc1 $16) (20... Qxc2 {with more complications.} 21. Rb2 Qc6 22. Bxa7 dxe5 23. Nxe5 Bxe5 24. fxe5 Ra8) 21. Rbd1 Qxc2 22. Rd2 Qc6 23. Bxa7 Ra8 {Droht ...dxe5 und aus.} 24. Bd4 Ra5 25. Ba1 (25. h4 $11) 25... d5 $17 26. Ng5 Bxg5 27. fxg5 Qa8 $36 {[%mdl 2048] Weiss steht unter Druck.} 28. a4 c5 {[#] ...d4 ist eine echte Drohung.} 29. b4 $2 {[%mdl 8192]} (29. Bc3 $11) 29... Rxa4 $19 30. Bb2 cxb4 31. Qb6 Qa7 32. Qxa7 Rxa7 33. Rc1 b3 {zielt auf ...Lc2 ab.} 34. Rc6 Kf7 (34... Ra2 $142 {Weiss muss nun ...Lc2 beachten.} 35. Rb6 Bc2) 35. Bd4 $2 (35. Rb6 {war die einzige Chance.}) 35... Rb7 36. Rb2 Ra8 37. Bb6 {[#]} d4 $1 {[%cal Bd5d4,Bd4d3,Bd3d2][%mdl 32]} 38. Rd6 (38. Bxd4 Bxc6) 38... d3 {Und weiter mit ...Ta1+ wäre nett.} 39. Rxb3 Ra2 40. Rc3 Rc2 41. Ra3 d2 42. Kf1 Rxb6 {Schwarz setzt Matt.} 43. Ra7+ Ke8 44. Rxh7 Rxd6 {Precision: Weiß = 23%, Schwarz = 61%.} 0-1

[Event "IV Open RGCC 2018"]
[Site "Gijon"]
[Date "2018.07.25"]
[Round "4"]
[White "Marino Bravo, Miguel Angel"]
[Black "Quesada Perez, Yasser"]
[Result "0-1"]
[WhiteElo "2194"]
[BlackElo "2531"]
[Annotator "ChessBase"]
[PlyCount "80"]
[EventDate "2018.07.24"]
[EventType "swiss"]
[EventCountry "ESP"]
[SourceTitle "playchess.com"]
[Source "ChessBase"]
[SourceQuality "1"]
[TimeControl "5400+30"]

1. d4 d5 2. Bf4 Nf6 3. e3 e6 4. Nf3 Bd6 5. Bg3 O-O 6. Bd3 b6 7. Qe2 Bb7 8. Nbd2 c5 9. c3 Ne4 10. Ne5 f6 11. Nef3 Qc7 12. Nh4 f5 13. Bxd6 Qxd6 14. Nhf3 Nd7 15. h4 e5 16. Nxe5 Nxe5 17. dxe5 Qxe5 18. O-O-O Qf6 19. f4 Ng3 20. Qf2 Nxh1 21. Rxh1 Rad8 22. Nf3 d4 23. Bc4+ Bd5 24. Bxd5+ Rxd5 25. exd4 cxd4 26. Nxd4 b5 27. Nf3 Qd6 28. g3 b4 29. c4 Qc6 30. b3 Rd3 31. Rf1 Qe4 32. Ne5 Rc3+ 33. Kb2 Re3 34. Ka1 Re2 35. Qc5 Rxa2+ 36. Kxa2 Qe2+ 37. Kb1 Qxf1+ 38. Kc2 Qe2+ 39. Kc1 Rd8 40. Nd7 Qe1+ 0-1

[Event "IV Open RGCC 2018"]
[Site "Gijon"]
[Date "2018.07.26"]
[Round "5"]
[White "Martinez Alcantara, Jose Eduardo"]
[Black "Kaczur, Florian"]
[Result "1-0"]
[WhiteElo "2545"]
[BlackElo "2471"]
[Annotator "TA"]
[PlyCount "73"]
[EventDate "2018.07.24"]
[EventType "swiss"]
[EventCountry "ESP"]
[SourceTitle "playchess.com"]
[Source "ChessBase"]
[SourceQuality "1"]

{[%evp 21,73,16,17,-41,-33,-31,-24,-48,-14,-8,0,0,4,-10,33,31,39,40,65,72,94,91,82,0,0,0,0,0,72,66,110,76,127,109,131,123,252,247,306,317,596,582,1074,1058,5593,5593,5569,5497,5497,5501,5060,5233,5043,4901]} 1. e4 e5 2. Nf3 Nc6 3. Bb5 a6 4. Ba4 Nf6 5. O-O b5 6. Bb3 Bc5 7. c3 d6 8. d4 Bb6 9. a4 Bg4 {C78: Spanische Partie (Archangelsk- und Möller-Variante)} 10. Bg5 Rb8 11. axb5 axb5 {LiveBook: 19 Partien. Die Stellung ist ausgeglichen.} 12. dxe5 $146 (12. Bd5 $11 Ne7 13. Bxf6 (13. dxe5 Nfxd5 14. exd6 Qxd6 $11) 13... gxf6 14. h3) ({Vorgänger:} 12. Qd3 Bxf3 13. gxf3 Qd7 14. Be3 O-O 15. Nd2 Qh3 16. Rfd1 exd4 17. cxd4 {½-½ (41) Kovalev,V (2650)-Godena,M (2505) Batumi 2018}) 12... Nxe5 $15 13. Nbd2 h6 14. Bh4 O-O (14... Ng6 {seems wilder.} 15. Bg3 Nh5 16. Kh1 O-O 17. Re1 Qf6) 15. h3 Bxf3 16. Nxf3 Ng6 17. Qd3 c5 {[#] Und weiter mit ...c4 wäre nett.} 18. c4 ({Viel schlechter ist} 18. Qxb5 Nxh4 19. Nxh4 Nxe4 $15) 18... Nxh4 19. Nxh4 d5 20. exd5 {zielt auf d6 ab.} Nxd5 21. Bc2 {[%csl Gc2][%cal Rd3h7,Bb3c2,Bc2d3,Bd3c4][%mdl 32]} ({Viel schwächer wäre} 21. cxb5 $6 Nf4 $11) 21... Nf6 22. Qf3 (22. cxb5 $16 {Schwarz muss nun Sf5 beachten.} Qxd3 23. Bxd3) 22... Qd2 $11 23. Bd3 bxc4 24. Bxc4 Qg5 (24... Qxb2 $11 {hält das Gleichgewicht.} 25. Qg3 Nh5) 25. Nf5 $36 {[%mdl 2048] Weiss kämpft um Vorteil.} Bc7 26. Ra7 Be5 (26... Ne8 $142) 27. b3 Rbe8 28. g3 h5 (28... g6 $16) 29. Rd1 $18 g6 {[#]} 30. Rxf7 $1 {[%mdl 512] Weiss droht Db7 und Matt.} Kh8 $2 (30... gxf5 {kämpft weiter.} 31. Rxf6+ Kh8) (30... Rxf7 31. Bxf7+) 31. Nh4 {Weiß steht klar auf Gewinn.} Bd4 32. Qf4 Bxf2+ 33. Kg2 Qxf4 34. Nxg6+ Kg8 35. Rxf8+ Kg7 36. gxf4 Rxf8 37. Nxf8 {Precision: Weiß = 70%, Schwarz = 21%.} 1-0